000 00627nam a22002297a 4500
005 20170124110122.0
010 _aA-707281
020 _c00.00
035 _aA-707281
037 _bCen Lib/Ret
040 _aDPL
_bEN
082 _a954.11
_bKUM
100 _aKumar, D.P.
_930784
245 _aKashmir Pakistan,s proxy war /
_cby D.P. Kumar
260 _aNew Delhi
_bHar-Anand Publications
270 _a364-A,Chirag Delhi
_bNew Delhi
_e110017
300 _a320p.
_c22cm(Hb)
650 _aPolitical science
_930785
650 _aTerrorism
_92076
700 _930706
942 _2ddc
_cEN
_h954.11
_mKUM
999 _c131086
_d131086